|
|
|
|
| LEADER |
00000ny a22000003n 4500 |
| 005 |
20110621114543.0 |
| 008 |
091214s2005 be 000 0 fre d |
| 020 |
|
|
|a 9782930287492
|
| 035 |
|
|
|a 2380
|
| 040 |
|
|
|a BUS
|d vLex
|
| 090 |
|
|
|c 924
|d 924
|
| 100 |
1 |
|
|a Destexhe, Christine
|
| 245 |
1 |
3 |
|a Le contrat de vente international pour les exportateurs non-juristes
|h [Recurso electrn̤ico]
|c Christine Destexhe
|
| 256 |
|
|
|a Servicio en ln̕ea
|
| 260 |
|
|
|a Bľgica :
|b Edipro,
|c 2005
|
| 506 |
1 |
|
|a Contenido solo disponible en los productos indicados
|d vLex Global
|d vLex Global (Academic Edition, excluding Law Schools)
|d vLex Global (U.S. Academic Edition, Law Schools)
|d vLex Global (U.S. Academic Edition, excluding Law Schools)
|d vLex Global (Academic Edition, Law Schools)
|
| 650 |
0 |
4 |
|a Contratos reales (Derecho civil)
|
| 651 |
|
4 |
|a Espaą
|z Relaciones exteriores
|x Derecho
|
| 740 |
0 |
|
|a vLex Libros (Servicios en ln̕ea)
|
| 856 |
4 |
0 |
|z Acceso restringido
|u http://vlex.com/source/2380
|
| 942 |
|
|
|c BOOK
|